| 000 | 00547nam a2200181 a 4500 | ||
|---|---|---|---|
| 001 | 000011942 | ||
| 005 | 20240411074002.0 | ||
| 008 | 091102s1938 dr 000 j spa d | ||
| 040 |
_aDO-SdBNP _bspa _cBNPHU |
||
| 082 |
_aRD863.44 _bD186m |
||
| 100 | 1 |
_aDanilo, Diódoro _92494 |
|
| 245 | 1 | 0 |
_aManantial : _bcuentos y páginas / _cDiódoro Danilo. |
| 260 |
_aCiudad Trujillo, República Dominicana : _b[s.n.], _c1938. |
||
| 300 |
_a136 p. ; _c22 cm. |
||
| 650 | 0 |
_aCuentos dominicanos _9176 |
|
| 650 | 4 |
_aLiteratura domincana _925681 |
|
| 049 | _aBNPD | ||
| 999 |
_c11612 _d11612 |
||